Personnages Resident Evil - Statistiques

Statistiques générales
  • Ce quiz a été pris 392 fois
  • Le résultat moyen est 10 sur 20
Statistiques - réponses
Par images Réponse % Correct
Leon Scott Kennedy
97%
Ada Wong
92%
Chris Redfield
89%
Jill Valentine
87%
Claire Redfield
86%
Albert Wesker
80%
Ethan Winters
73%
Mia Winters
67%
Ashley Graham
56%
Rebecca Chambers
47%
Rosemary Winters
47%
Carlos Oliveira
40%
Sherry Birkin
39%
Eveline
37%
Ingrid Hunnigan
24%
Helena Harper
16%
Billy Coen
15%
Lisa Trevor
15%
Piers Nivans
15%
Jack Muller
6%
Aucun quiz correspondant
Distribution des résultats
% des personnes avec chaque résultat
Percentile par nombre de réponses
Votre historique - résultats
Vous n’avez pas pris ce quiz